| 000 | 00966nam a2200289 i 4500 | ||
|---|---|---|---|
| 003 | DO-SdBNP | ||
| 005 | 20250811111434.0 | ||
| 007 | ta | ||
| 008 | 240704e2024 dr ||||| d||| 00| 0 spa d | ||
| 020 | _a9789945654172 | ||
| 040 |
_aDO-SdBNP _bspa _cBNPHU _erda |
||
| 041 | _aspa | ||
| 082 | 4 |
_axxx _bC957d 2024 _222 |
|
| 100 | 1 |
_aCruz, Santiago de la, _d1961- _eautor _4aut. _975112 |
|
| 245 | 1 | 0 |
_aDiccionario del dominicano / _cSantiago de la Cruz ; prólogo, Leida Pérez |
| 250 | _aSegunda edición corregida y ampliada. | ||
| 264 | 1 |
_aSanto Domingo : _bEditorial Santuario, _c2024 |
|
| 300 |
_a199 páginas ; _c23 cm. |
||
| 336 |
_2rdacontent _atexto _btxt |
||
| 337 |
_2rdamedia _asin mediación _bn |
||
| 338 |
_2rdacarrier _avolumen _bnc |
||
| 590 | _aInventariada 2024 / MF | ||
| 650 | 4 |
_aDominicanismos _vDiccionarios _99496 |
|
| 650 | 4 |
_aRepública Dominicana _xDiccionarios _981201 |
|
| 700 | 1 |
_aPérez, Leida, _eprologuista _4pr. _984829 |
|
| 942 |
_2ddc _cLBS1 |
||
| 999 |
_c57169 _d57169 |
||